000 02263cam a2200565M 4500
003 PE-LiUPU
005 20250731172940.0
008 960611s1996 xxu 000 0 eng d
020 _a0310212766
020 _a9780310212768
035 _a(Sirsi) i9780310212768
040 _aPE-LiUPU
_bspa
_cPE-LiUPU
_erda
049 _aPRUA
082 0 4 _a261.2
_bH51
_220.
100 1 _aHick, John
245 0 0 _aFour views on salvation in a pluralistic world /
_cJohn Hick ... ; Dennis L. Okholm, Timothy R. Phillips, editores generales.
264 _aGrand Rapids, Michigan. :
_bZondervan Pub. House,
_c1996.
300 _a283 páginas. ;
_c21 cetímetros.
336 _atext
_2rdacontent
337 _aunmediated
_2rdamedia
338 _avolume
_2rdacarrier
490 0 _aCounterpoints
504 _aÍndices : páginas 273-283
505 _aA pluralist view -- An inclusivist view -- A particularist view: A post-enlightenment approach -- A particularist view: An evidentialist approach.
526 _aSEG42
526 _aSEG41
526 _aSEG40
526 _aSEG39
526 _aP94
526 _aP87
526 _aP86
526 _aP85
526 _aP77
526 _aP76
526 _aP35
650 0 _aEl cristianismo y otras religiones.
650 0 _aEl pluralismo religioso
_xCristianismo.
650 0 _aLa salvación fuera de la iglesia.
700 1 _aOkholm, Dennis L.
_eeditor
700 1 _aPhillips, Timothy R.
_eeditor
910 _ajck
_bbpc
_cbpc
_d20160510
942 _2ddc
_cBOOK
949 _a261.2 F39
_wDEWEY
_c1
_i44516
_lCCODEBUL1
_mBUL
_r0
_sY
_tBOOK
_u2015-6-24
_xTEOLOGIA
_PP35
_0COMPRA
_o.STAFF. Colección General
949 _a261.2 H51
_wDEWEY
_c1
_i73412
_lCCODEBUL1
_mBUL
_p19.99
_r0
_sY
_tBOOK
_u2016-6-2
_xTEOLOGIA
_PP35
_0COMPRA
_o.STAFF. Colección General
994 _aC0
_bPEPRU
596 _a1
999 _a261.2 F39
_wDEWEY
_c21397
_i44516
_f2021-11-12
_g5
_lCCODEBUL1
_mBUL
_r0
_sY
_tBOOK
_u2015-6-24
_xTEOLOGIA
_PP35
_0COMPRA
_o.STAFF. Colección General
_d21397
999 _a261.2 H51
_wDEWEY
_c1
_i73412
_f2021-11-10
_g5
_lCCODEBUL1
_mBUL
_p19.99
_r0
_sY
_tBOOK
_u2016-6-2
_xTEOLOGIA
_PP35
_0COMPRA
_o.STAFF. Colección General
980 _81
_gALBERTO SANCHEZ Responsable de Automatización